[Event "6. Open Veteranos de Calviá"]
[Site "Calviá ESP"]
[Date "2006.10.25"]
[Round "6.20"]
[White "Mimbrero Cuello, Diego"]
[Black "Yanez Acin, Gonzalo"]
[Result "1/2-1/2"]
[WhiteElo "1888"]
[BlackElo "1988"]
[PlyCount "48"]
[EventDate "2006.10.20"]
[EventType "swiss"]
[EventRounds "9"]
[EventCountry "ESP"]
[Source "lmi"]
[SourceDate "2006.10.20"]

1. d4 Nf6 2. Nc3 d5 3. Bg5 c6 4. e3 Bg4 5. Be2 Bxe2 6. Qxe2 Nbd7 7. Nf3 e6 8.
O-O Be7 9. Rfe1 O-O 10. Rad1 h6 11. Bf4 Bb4 12. a3 Ba5 13. b4 Bc7 14. Bg3 Bxg3
15. hxg3 Qc7 16. e4 dxe4 17. Nxe4 Nxe4 18. Qxe4 Nf6 19. Qe2 Rad8 20. c4 a6 21.
Ne5 Nd7 22. Nf3 Rfe8 23. Qe3 Nf8 24. g4 Ng6 1/2-1/2

[Event "6. Open Veteranos de Calviá"]
[Site "Calviá ESP"]
[Date "2006.10.26"]
[Round "7.2"]
[White "Suba, Mihai"]
[Black "Leskovar, Mario"]
[Result "1-0"]
[WhiteElo "2535"]
[BlackElo "2373"]
[PlyCount "71"]
[EventDate "2006.10.20"]
[EventType "swiss"]
[EventRounds "9"]
[EventCountry "ESP"]
[Source "lmi"]
[SourceDate "2006.10.20"]

1. Nc3 g6 2. d4 Bg7 3. e4 c6 4. Bc4 d5 5. exd5 b5 6. Bb3 b4 7. Nce2 cxd5 8. a3
bxa3 9. Rxa3 Nf6 10. Nf3 O-O 11. O-O Nbd7 12. Nf4 Bb7 13. Re1 e6 14. Ng5 Nb6
15. c3 Nc4 16. Ra2 Nd7 17. Nd3 a5 18. Bc2 Bc6 19. Qg4 Re8 20. Qh3 h6 21. Nf3 g5
22. b3 Nd6 23. Nde5 Nxe5 24. Nxe5 Bb7 25. Qh5 Qc7 26. Bd2 f5 27. h4 Ne4 28.
Bxe4 dxe4 29. hxg5 Bxe5 30. dxe5 Qxe5 31. gxh6 Qf6 32. Rxa5 Kh8 33. Rxa8 Rxa8
34. Bg5 Qxc3 35. Rc1 Qd4 36. Qf7 1-0

[Event "6. Open Veteranos de Calviá"]
[Site "Calviá ESP"]
[Date "2006.10.26"]
[Round "7.3"]
[White "Bellon Lopez, Juan Manuel"]
[Black "Coll, Enriques Lluis"]
[Result "1-0"]
[WhiteElo "2438"]
[BlackElo "2194"]
[PlyCount "75"]
[EventDate "2006.10.20"]
[EventType "swiss"]
[EventRounds "9"]
[EventCountry "ESP"]
[Source "lmi"]
[SourceDate "2006.10.20"]

1. d4 d5 2. Bg5 Bf5 3. c4 Bxb1 4. Rxb1 dxc4 5. e4 h6 6. Be3 Nf6 7. f3 e6 8.
Bxc4 Bb4+ 9. Kf2 O-O 10. Qb3 Ba5 11. Ne2 Bb6 12. Rbd1 Nc6 13. Bb5 Ne7 14. h4 a6
15. Bd3 Nc6 16. Bb1 Qe7 17. g4 e5 18. d5 Na5 19. Qc3 Bxe3+ 20. Kxe3 b6 21. Rc1
Rac8 22. Bd3 c5 23. Bxa6 Ra8 24. Bb5 c4 25. Qa3 Qc7 26. Qb4 Rfd8 27. Bxc4 b5
28. Bd3 Qb6+ 29. Qc5 Qxc5+ 30. Rxc5 Nb7 31. Rxb5 Nd6 32. Rb6 Rxa2 33. Rc1 h5
34. Rcc6 Nde8 35. g5 Nd7 36. Rb7 Nb8 37. g6 Nxc6 38. gxf7+ 1-0

[Event "6. Open Veteranos de Calviá"]
[Site "Calviá ESP"]
[Date "2006.10.26"]
[Round "7.4"]
[White "Spassov, Liuben"]
[Black "Estrada Martinez, Cesar"]
[Result "1-0"]
[WhiteElo "2365"]
[BlackElo "2167"]
[PlyCount "47"]
[EventDate "2006.10.20"]
[EventType "swiss"]
[EventRounds "9"]
[EventCountry "ESP"]
[Source "lmi"]
[SourceDate "2006.10.20"]

1. d4 Nf6 2. c4 e6 3. Nf3 c5 4. d5 b5 5. dxe6 fxe6 6. cxb5 d5 7. g3 Bd6 8. Bg2
O-O 9. O-O a6 10. bxa6 Nc6 11. Bg5 Bxa6 12. Nc3 Qb6 13. b3 Be7 14. Rc1 c4 15.
Be3 Qa5 16. Bh3 Rad8 17. Bxe6+ Kh8 18. Nd4 Rd6 19. Bf4 Rxe6 20. Nxe6 Re8 21.
Nc7 Rd8 22. Nxa6 Qxa6 23. bxc4 dxc4 24. Qa4 1-0

[Event "6. Open Veteranos de Calviá"]
[Site "Calviá ESP"]
[Date "2006.10.26"]
[Round "7.5"]
[White "Hutchinson, Paul A"]
[Black "Garcia Martinez, Silvino"]
[Result "1/2-1/2"]
[WhiteElo "2178"]
[BlackElo "2316"]
[PlyCount "105"]
[EventDate "2006.10.20"]
[EventType "swiss"]
[EventRounds "9"]
[EventCountry "ESP"]
[Source "lmi"]
[SourceDate "2006.10.20"]

1. d4 Nf6 2. Bg5 c5 3. Bxf6 gxf6 4. d5 Qb6 5. Qc1 f5 6. c4 Bg7 7. Nc3 Qa5 8. e3
Bxc3+ 9. bxc3 d6 10. Nh3 Nd7 11. Qc2 Ne5 12. f4 Ng4 13. Qd2 Nf6 14. Nf2 Bd7 15.
Rb1 O-O-O 16. Be2 Ne4 17. Nxe4 fxe4 18. Bh5 f5 19. Kf2 Qa6 20. Rb3 Rhf8 21.
Rhb1 b6 22. a4 Qxa4 23. Qb2 Qa6 24. Ra1 Qb7 25. Rba3 Kb8 26. Ra6 Rc8 27. Qa2
Rc7 28. Rb1 Bc8 29. Ra3 Bd7 30. Kg1 Ka8 31. Ra1 a5 32. Rb1 Qa6 33. Bd1 e6 34.
Ba4 exd5 35. Bxd7 Rxd7 36. Rb5 Ra7 37. Qb2 Rb7 38. cxd5 c4 39. Qb4 Rc8 40. Qa4
Ka7 41. Ra1 Rc5 42. Rxc5 dxc5 43. Qc6 Rf7 44. Qe6 Qb7 45. d6 Qd7 46. Qd5 Rf6
47. Rd1 a4 48. Kf2 h5 49. Qe5 Rg6 50. g3 Rg7 51. Qd5 Rg6 52. Qe5 Rg7 53. Qd5
1/2-1/2

[Event "6. Open Veteranos de Calviá"]
[Site "Calviá ESP"]
[Date "2006.10.26"]
[Round "7.6"]
[White "Penalver Guardia, Josep"]
[Black "Berry, Stephen"]
[Result "0-1"]
[WhiteElo "1918"]
[BlackElo "2365"]
[PlyCount "68"]
[EventDate "2006.10.20"]
[EventType "swiss"]
[EventRounds "9"]
[EventCountry "ESP"]
[Source "lmi"]
[SourceDate "2006.10.20"]

1. d4 Nf6 2. Nf3 e6 3. c4 b6 4. Nc3 Bb4 5. Qc2 Bb7 6. e3 Ne4 7. Bd2 Bxc3 8.
Bxc3 O-O 9. Bd3 f5 10. O-O Nxc3 11. Qxc3 d6 12. Be2 Nd7 13. Rad1 Qe7 14. b4 a5
15. a3 axb4 16. axb4 Nf6 17. Ra1 Ne4 18. Qb2 Ng5 19. Nxg5 Qxg5 20. g3 Qe7 21.
Rxa8 Bxa8 22. Ra1 e5 23. Bf1 Bf3 24. Ra7 f4 25. d5 fxe3 26. fxe3 h5 27. Qc2 Qg5
28. Ra3 h4 29. Bh3 hxg3 30. Be6+ Kh8 31. h3 Qf6 32. Ra1 Be4 33. Qe2 Qf2+ 34.
Qxf2 gxf2+ 0-1

[Event "6. Open Veteranos de Calviá"]
[Site "Calviá ESP"]
[Date "2006.10.26"]
[Round "7.7"]
[White "Patola, Eero"]
[Black "Simon Padros, Emili"]
[Result "1/2-1/2"]
[WhiteElo "1959"]
[BlackElo "2260"]
[PlyCount "49"]
[EventDate "2006.10.20"]
[EventType "swiss"]
[EventRounds "9"]
[EventCountry "ESP"]
[Source "lmi"]
[SourceDate "2006.10.20"]

1. c4 g6 2. Nc3 Bg7 3. g3 c5 4. Bg2 Nc6 5. e4 d6 6. d3 e6 7. Nge2 Nge7 8. O-O
O-O 9. Rb1 a6 10. a4 Rb8 11. h3 Nd4 12. Nxd4 cxd4 13. Ne2 e5 14. b4 Be6 15. b5
axb5 16. axb5 Qd7 17. Kh2 f5 18. exf5 gxf5 19. f4 Ra8 20. Bb2 Rfc8 21. Ra1 Bf7
22. Qd2 Qc7 23. Rxa8 Rxa8 24. Ra1 Rxa1 25. Bxa1 1/2-1/2

[Event "6. Open Veteranos de Calviá"]
[Site "Calviá ESP"]
[Date "2006.10.26"]
[Round "7.8"]
[White "Perez Pascual, Arturo"]
[Black "Kozarcanin, Sead"]
[Result "1-0"]
[WhiteElo "2015"]
[BlackElo "2213"]
[PlyCount "61"]
[EventDate "2006.10.20"]
[EventType "swiss"]
[EventRounds "9"]
[EventCountry "ESP"]
[Source "lmi"]
[SourceDate "2006.10.20"]

1. e4 e5 2. Nf3 Nc6 3. Bb5 a6 4. Ba4 g6 5. d4 exd4 6. Bg5 Be7 7. Bxe7 Qxe7 8.
O-O b5 9. Bb3 Bb7 10. Bd5 Nf6 11. Nxd4 O-O-O 12. Re1 Rhe8 13. Nf3 Qc5 14. Nc3
Ne5 15. Bxb7+ Kxb7 16. Nd5 Nxd5 17. exd5 d6 18. Ng5 h5 19. Ne4 Qb6 20. Nf6 Rh8
21. a4 c6 22. dxc6+ Kxc6 23. Nd5 Qc5 24. axb5+ Qxb5 25. Rxa6+ Kd7 26. Ra7+ Kc8
27. Rc7+ Kb8 28. Re3 Qxd5 29. Qxd5 Kxc7 30. Rc3+ Kd7 31. f4 1-0

[Event "6. Open Veteranos de Calviá"]
[Site "Calviá ESP"]
[Date "2006.10.26"]
[Round "7.9"]
[White "Antigua Padros, Jordi"]
[Black "Salgado Gonzalez, Julio"]
[Result "1/2-1/2"]
[WhiteElo "2160"]
[BlackElo "1955"]
[PlyCount "39"]
[EventDate "2006.10.20"]
[EventType "swiss"]
[EventRounds "9"]
[EventCountry "ESP"]
[Source "lmi"]
[SourceDate "2006.10.20"]

1. e4 Nc6 2. Bc4 Nf6 3. Nc3 e6 4. d3 Be7 5. Nf3 d5 6. exd5 exd5 7. Bb5 O-O 8.
Ne2 Qd6 9. O-O a5 10. Bf4 Qc5 11. Bxc6 Qxc6 12. h3 Qb6 13. c3 c5 14. Qd2 Bf5
15. Ng3 Bg6 16. Ne5 Bd6 17. Nxg6 hxg6 18. Bxd6 Qxd6 19. Rfe1 Rfe8 20. Rxe8+
1/2-1/2

[Event "6. Open Veteranos de Calviá"]
[Site "Calviá ESP"]
[Date "2006.10.26"]
[Round "7.10"]
[White "Gonzalo Gonzalez, Francisco"]
[Black "Tejero Royo, Fermin"]
[Result "0-1"]
[WhiteElo "1921"]
[BlackElo "2159"]
[PlyCount "38"]
[EventDate "2006.10.20"]
[EventType "swiss"]
[EventRounds "9"]
[EventCountry "ESP"]
[Source "lmi"]
[SourceDate "2006.10.20"]

1. e4 e5 2. Nf3 Nc6 3. Bc4 Nf6 4. Ng5 d5 5. exd5 Na5 6. Bb5+ c6 7. dxc6 bxc6 8.
Bd3 Nd5 9. Ne4 f5 10. Nec3 Nf4 11. Qf3 Bd6 12. Qg3 O-O 13. b4 e4 14. Bxe4 fxe4
15. Nxe4 Qe7 16. d3 Ba6 17. Kd1 Nxd3 18. Qe3 Bf4 19. Qh3 Nxf2+ 0-1

[Event "6. Open Veteranos de Calviá"]
[Site "Calviá ESP"]
[Date "2006.10.26"]
[Round "7.11"]
[White "Forteza Valls, Jose Maria"]
[Black "Sarto Ramos, Angel"]
[Result "1-0"]
[WhiteElo "2105"]
[BlackElo "2069"]
[PlyCount "92"]
[EventDate "2006.10.20"]
[EventType "swiss"]
[EventRounds "9"]
[EventCountry "ESP"]
[Source "lmi"]
[SourceDate "2006.10.20"]

1. e4 g6 2. d4 c6 3. Nf3 d5 4. e5 Bf5 5. c4 e6 6. Nc3 a6 7. a3 Nd7 8. c5 b6 9.
b4 a5 10. Be3 Be7 11. h3 h5 12. Be2 f6 13. O-O h4 14. b5 cxb5 15. c6 Nb8 16.
Bxb5 Kf7 17. Bf4 g5 18. Bh2 Na6 19. Bxa6 Rxa6 20. Nb5 Ra8 21. exf6 Nxf6 22. Rc1
Ne4 23. Ne5+ Kg7 24. Ng4 Rf8 25. Ne3 Nd6 26. Nxf5+ exf5 27. Be5+ Kg6 28. a4
Nxb5 29. axb5 Bd6 30. f4 Bxe5 31. fxe5 Qe7 32. Qb3 a4 33. Qxd5 Rfd8 34. Qf3 Qf7
35. c7 Rdc8 36. Rc6+ Kg7 37. e6 Qf6 38. Qd5 f4 39. Qd7+ Kf8 40. Qd6+ Qe7 41.
Qe5 Qg7 42. e7+ Kg8 43. Qe4 Kf7 44. Re1 a3 45. Qd5+ Ke8 46. Qd8+ Kf7 1-0

[Event "6. Open Veteranos de Calviá"]
[Site "Calviá ESP"]
[Date "2006.10.26"]
[Round "7.12"]
[White "Anguera Maestro, Jaime"]
[Black "Campos Calvo-Sotelo, Juan"]
[Result "1-0"]
[WhiteElo "2214"]
[BlackElo "2086"]
[PlyCount "69"]
[EventDate "2006.10.20"]
[EventType "swiss"]
[EventRounds "9"]
[EventCountry "ESP"]
[Source "lmi"]
[SourceDate "2006.10.20"]

1. d4 Nf6 2. c4 e6 3. Nf3 d5 4. Nc3 c6 5. e3 Nbd7 6. Qc2 h6 7. b3 Be7 8. Bd3
O-O 9. O-O b6 10. e4 dxe4 11. Nxe4 Bb7 12. Bb2 c5 13. Rad1 Qc7 14. Rfe1 Nxe4
15. Bxe4 cxd4 16. Nxd4 Nf6 17. Nb5 Bxe4 18. Rxe4 Qb7 19. Bxf6 Bxf6 20. Nd6 Qc6
21. Re3 Rfd8 22. Red3 Rd7 23. Ne8 Rxd3 24. Nxf6+ gxf6 25. Qxd3 f5 26. h3 a5 27.
a4 Rc8 28. Qg3+ Kh7 29. Rd6 Qb7 30. Qe3 Rc5 31. Qd4 Kg6 32. Rd8 f6 33. Qd6 Rc8
34. Qg3+ Kh5 35. Rd4 1-0

[Event "6. Open Veteranos de Calviá"]
[Site "Calviá ESP"]
[Date "2006.10.26"]
[Round "7.13"]
[White "Buxade Roca, Guillermo"]
[Black "Mercadal Melia, Dante"]
[Result "1-0"]
[WhiteElo "2205"]
[BlackElo "1973"]
[PlyCount "49"]
[EventDate "2006.10.20"]
[EventType "swiss"]
[EventRounds "9"]
[EventCountry "ESP"]
[Source "lmi"]
[SourceDate "2006.10.20"]

1. e4 c5 2. Nf3 Qc7 3. Nc3 e6 4. g3 a6 5. Bg2 Nc6 6. O-O Nf6 7. d3 d6 8. Nh4
Be7 9. f4 Bd7 10. a3 h6 11. Kh1 Nh7 12. Nf3 O-O-O 13. Be3 g5 14. f5 Bf6 15. Nd2
Bd4 16. Bxd4 Nxd4 17. Nb3 Bc6 18. Nxd4 cxd4 19. Ne2 e5 20. c4 dxc3 21. Nxc3 Nf6
22. Rc1 Ng8 23. Nd5 Qa5 24. b4 Qxa3 25. Qc2 1-0

[Event "6. Open Veteranos de Calviá"]
[Site "Calviá ESP"]
[Date "2006.10.26"]
[Round "7.14"]
[White "Serra Olives, Tomas"]
[Black "Pomar Mir, Francisco"]
[Result "1-0"]
[WhiteElo "2132"]
[BlackElo "1996"]
[PlyCount "57"]
[EventDate "2006.10.20"]
[EventType "swiss"]
[EventRounds "9"]
[EventCountry "ESP"]
[Source "lmi"]
[SourceDate "2006.10.20"]

1. e4 e6 2. d4 d5 3. Nc3 Bb4 4. e5 c5 5. a3 Bxc3+ 6. bxc3 Ne7 7. Qg4 O-O 8. h4
f5 9. exf6 Rxf6 10. Bg5 Rf7 11. Qd1 Nbc6 12. Nf3 Qa5 13. Bd2 h6 14. Bd3 c4 15.
Be2 e5 16. Nxe5 Nxe5 17. dxe5 Bf5 18. O-O Qa4 19. Ra2 Qd7 20. f4 Raf8 21. Be3
b6 22. Bf3 Rd8 23. g4 Bh7 24. Ra1 Ng6 25. Bh1 Nxh4 26. Bd4 Be4 27. Qe2 Bxc2 28.
e6 Re7 29. Qxc2 1-0

[Event "6. Open Veteranos de Calviá"]
[Site "Calviá ESP"]
[Date "2006.10.26"]
[Round "7.15"]
[White "Batalla Batalla, Josep"]
[Black "Perez Cameselle, Francisco"]
[Result "1-0"]
[WhiteElo "2127"]
[BlackElo "1981"]
[PlyCount "69"]
[EventDate "2006.10.20"]
[EventType "swiss"]
[EventRounds "9"]
[EventCountry "ESP"]
[Source "lmi"]
[SourceDate "2006.10.20"]

1. e4 c5 2. Nf3 d6 3. d4 cxd4 4. Nxd4 Nf6 5. Nc3 g6 6. Be3 Bg7 7. Qd2 O-O 8. f3
Nc6 9. O-O-O Bd7 10. g4 Rc8 11. Kb1 a6 12. h4 b5 13. h5 Nxd4 14. Bxd4 Be6 15.
Ne2 Qc7 16. hxg6 fxg6 17. Rc1 a5 18. Be3 a4 19. Nd4 Bc4 20. Bd3 Rb8 21. Bh6
Bxh6 22. Qxh6 Rf7 23. e5 dxe5 24. g5 exd4 25. Bxg6 Rg7 26. gxf6 exf6 27. Bxh7+
Kf7 28. Rcg1 Rxg1+ 29. Rxg1 Qe5 30. Be4 a3 31. Qh7+ Ke6 32. Rg7 Kd6 33. Rc7 Qe8
34. Rc6+ Ke5 35. Qc7# 1-0

[Event "6. Open Veteranos de Calviá"]
[Site "Calviá ESP"]
[Date "2006.10.26"]
[Round "7.16"]
[White "Feiguelman, Boris Dr"]
[Black "Pellicer Sancho, Rafael Jose"]
[Result "1-0"]
[WhiteElo "2092"]
[BlackElo "1961"]
[PlyCount "97"]
[EventDate "2006.10.20"]
[EventType "swiss"]
[EventRounds "9"]
[EventCountry "ESP"]
[Source "lmi"]
[SourceDate "2006.10.20"]

1. e4 g6 2. d4 Bg7 3. Nc3 d5 4. exd5 Nf6 5. Bc4 Nbd7 6. Nge2 Nb6 7. Bb3 Nbxd5
8. Nxd5 Nxd5 9. c3 e6 10. O-O O-O 11. Nf4 Nf6 12. Be3 b6 13. Qf3 Rb8 14. Rad1
Bb7 15. Qh3 Be4 16. f3 Bb7 17. c4 c6 18. Ne2 Nh5 19. g4 Nf6 20. Bg5 Re8 21. Qh4
h6 22. Bxh6 Nh7 23. Qxd8 Rbxd8 24. Bxg7 Kxg7 25. h4 Nf6 26. Kf2 Rd7 27. g5 Nh5
28. Rfe1 Red8 29. Ke3 Kf8 30. f4 Ng7 31. Ng3 Ke7 32. c5 Rh8 33. Rh1 Ne8 34. h5
gxh5 35. Rxh5 Rg8 36. Rdh1 Nc7 37. Ne4 Rdd8 38. Nd6 Rxd6 39. cxd6+ Kxd6 40. Rh8
Rc8 41. Rxc8 Bxc8 42. Rh7 Bd7 43. Rxf7 Be8 44. Rxc7 Kxc7 45. Bxe6 Kd6 46. f5
Bh5 47. Kf4 Be8 48. Bb3 b5 49. g6 1-0

[Event "6. Open Veteranos de Calviá"]
[Site "Calviá ESP"]
[Date "2006.10.26"]
[Round "7.17"]
[White "Arias Velasco, Jose"]
[Black "Klempt, Guenter"]
[Result "0-1"]
[WhiteElo "1961"]
[BlackElo "2071"]
[PlyCount "54"]
[EventDate "2006.10.20"]
[EventType "swiss"]
[EventRounds "9"]
[EventCountry "ESP"]
[Source "lmi"]
[SourceDate "2006.10.20"]

1. e4 c5 2. c3 g6 3. d4 cxd4 4. cxd4 Bg7 5. Nf3 d6 6. Nc3 Nf6 7. Bb5+ Bd7 8. e5
dxe5 9. dxe5 Ng4 10. e6 fxe6 11. O-O O-O 12. h3 Nf6 13. Qb3 Kh8 14. Ng5 Nc6 15.
Be3 Na5 16. Qa4 Nc6 17. Rad1 Qc8 18. Qh4 h6 19. Nge4 Kh7 20. g4 a6 21. Bd3 Ne5
22. Kg2 Nxd3 23. Rxd3 Nxe4 24. Nxe4 Bc6 25. f3 Bxe4 26. fxe4 Qc2+ 27. Rd2 Qxe4+
0-1

[Event "6. Open Veteranos de Calviá"]
[Site "Calviá ESP"]
[Date "2006.10.26"]
[Round "7.18"]
[White "Lastras Hernandez, Tomas"]
[Black "Mimbrero Cuello, Diego"]
[Result "1-0"]
[WhiteElo "1986"]
[BlackElo "1888"]
[PlyCount "65"]
[EventDate "2006.10.20"]
[EventType "swiss"]
[EventRounds "9"]
[EventCountry "ESP"]
[Source "lmi"]
[SourceDate "2006.10.20"]

1. c4 Nf6 2. Nc3 d6 3. d4 g6 4. e4 Bg7 5. Nf3 O-O 6. g3 c6 7. Bg2 Qc7 8. O-O e5
9. Be3 Bg4 10. h3 Bd7 11. dxe5 dxe5 12. Bc5 Rd8 13. Be7 Re8 14. Bd6 Qc8 15. Kh2
Nh5 16. c5 Na6 17. Ne2 Bf6 18. Qd2 b6 19. b4 bxc5 20. bxc5 Bg7 21. Rad1 Rd8 22.
g4 Bxg4 23. hxg4 Nf6 24. Qa5 Nxg4+ 25. Kg3 f5 26. exf5 gxf5 27. Bh3 f4+ 28.
Nxf4 Rxd6 29. cxd6 exf4+ 30. Kg2 Ne3+ 31. fxe3 Qe8 32. d7 Qg6+ 33. Kh1 1-0

[Event "6. Open Veteranos de Calviá"]
[Site "Calviá ESP"]
[Date "2006.10.26"]
[Round "7.19"]
[White "Castan Sanclemente, Alejandro"]
[Black "Diaz Begonte, Manuel"]
[Result "0-1"]
[WhiteElo "1982"]
[BlackElo "1897"]
[PlyCount "72"]
[EventDate "2006.10.20"]
[EventType "swiss"]
[EventRounds "9"]
[EventCountry "ESP"]
[Source "lmi"]
[SourceDate "2006.10.20"]

1. d4 d5 2. c4 c6 3. Nc3 dxc4 4. a4 Nf6 5. e3 Bf5 6. Bxc4 e6 7. Nf3 Be7 8. O-O
O-O 9. Nh4 Nbd7 10. Nxf5 exf5 11. Bd3 g6 12. Re1 Re8 13. e4 fxe4 14. Nxe4 Nxe4
15. Bxe4 Bb4 16. Bd2 Bxd2 17. Qxd2 Nc5 18. Qc2 Qxd4 19. Rad1 Rxe4 20. Rxe4 Qxe4
21. Qxc5 Re8 22. h3 Qxa4 23. Qd6 Qe4 24. Qc7 Re7 25. Qb8+ Kg7 26. Qxa7 Qb4 27.
Qa1 Qb3 28. Rc1 Re2 29. Rb1 h5 30. Qa7 b6 31. Qd7 c5 32. Qd6 Qc2 33. Ra1 Qxb2
34. Ra6 Re6 35. Qd5 Qc1+ 36. Kh2 Qf4+ 0-1

[Event "6. Open Veteranos de Calviá"]
[Site "Calviá ESP"]
[Date "2006.10.26"]
[Round "7.20"]
[White "Gomez Feria, Jose Maria"]
[Black "Garcia Sanchez, Jose Manuel"]
[Result "1-0"]
[WhiteElo "1973"]
[BlackElo "1945"]
[PlyCount "63"]
[EventDate "2006.10.20"]
[EventType "swiss"]
[EventRounds "9"]
[EventCountry "ESP"]
[Source "lmi"]
[SourceDate "2006.10.20"]

1. Nf3 Nf6 2. d4 g6 3. b4 Bg7 4. Bb2 O-O 5. g3 d6 6. Bg2 c6 7. c4 Nbd7 8. Nbd2
Nb6 9. O-O Be6 10. Qc2 Rc8 11. Ng5 Bd7 12. a4 d5 13. a5 Na8 14. Rfe1 Nc7 15. e4
dxe4 16. Ndxe4 Bf5 17. Rad1 h6 18. Nxf6+ Bxf6 19. Ne4 Bg7 20. Qb3 b6 21. Qa4 b5
22. Qb3 bxc4 23. Qxc4 Bxe4 24. Bxe4 Nd5 25. Qc5 Rc7 26. b5 cxb5 27. Qxd5 Rd7
28. Qxb5 Bxd4 29. Bxd4 Rxd4 30. Rxd4 Qxd4 31. Qd5 Qc3 32. Rd1 1-0

[Event "6. Open Veteranos de Calviá"]
[Site "Calviá ESP"]
[Date "2006.10.27"]
[Round "8.1"]
[White "Andersson, Ulf"]
[Black "Bellon Lopez, Juan Manuel"]
[Result "1/2-1/2"]
[WhiteElo "2542"]
[BlackElo "2438"]
[PlyCount "21"]
[EventDate "2006.10.20"]
[EventType "swiss"]
[EventRounds "9"]
[EventCountry "ESP"]
[Source "lmi"]
[SourceDate "2006.10.20"]

1. d4 d5 2. c4 e6 3. Nf3 Nf6 4. cxd5 exd5 5. Nc3 c6 6. Qc2 Be7 7. Bg5 O-O 8. e3
h6 9. Bh4 Ne4 10. Bxe7 Qxe7 11. Bd3 1/2-1/2

[Event "6. Open Veteranos de Calviá"]
[Site "Calviá ESP"]
[Date "2006.10.27"]
[Round "8.2"]
[White "Ermenkov, Evgenij"]
[Black "Spassov, Liuben"]
[Result "1-0"]
[WhiteElo "2455"]
[BlackElo "2365"]
[PlyCount "67"]
[EventDate "2006.10.20"]
[EventType "swiss"]
[EventRounds "9"]
[EventCountry "ESP"]
[Source "lmi"]
[SourceDate "2006.10.20"]

1. e4 c6 2. d4 d5 3. Nd2 dxe4 4. Nxe4 Bf5 5. Ng3 Bg6 6. h4 h6 7. Nf3 e6 8. Ne5
Bh7 9. Bd3 Bxd3 10. Qxd3 Nd7 11. f4 Ngf6 12. Bd2 Qc7 13. O-O-O Bd6 14. Kb1 Rd8
15. Qe2 O-O 16. Rh3 c5 17. Nh5 Nxh5 18. Qxh5 cxd4 19. Re1 Nf6 20. Qd1 h5 21.
Rd3 Bc5 22. g4 hxg4 23. Nxg4 Nd5 24. Rg3 Rfe8 25. Reg1 Kf8 26. Ne5 g6 27. Nxg6+
fxg6 28. Rxg6 Qb6 29. Qh5 Ke7 30. f5 Kd7 31. fxe6+ Rxe6 32. Qxd5+ Rd6 33. Rxd6+
Bxd6 34. Ba5 1-0

[Event "6. Open Veteranos de Calviá"]
[Site "Calviá ESP"]
[Date "2006.10.27"]
[Round "8.3"]
[White "Berry, Stephen"]
[Black "Suba, Mihai"]
[Result "0-1"]
[WhiteElo "2365"]
[BlackElo "2535"]
[PlyCount "118"]
[EventDate "2006.10.20"]
[EventType "swiss"]
[EventRounds "9"]
[EventCountry "ESP"]
[Source "lmi"]
[SourceDate "2006.10.20"]

1. e4 c5 2. Nf3 d6 3. Bc4 e6 4. O-O Nf6 5. Re1 Be7 6. c3 O-O 7. Bb3 Qb6 8. d4
Rd8 9. Nbd2 cxd4 10. cxd4 Nc6 11. Nc4 Qa6 12. d5 b5 13. Ne3 Na5 14. dxe6 fxe6
15. Nf5 Nxb3 16. Nxe7+ Kf7 17. Qxb3 Kxe7 18. e5 dxe5 19. Nxe5 Bb7 20. Be3 Rd5
21. Nd3 Qa4 22. Nc5 Qxb3 23. axb3 Bc8 24. b4 Kf7 25. h3 a6 26. Ra3 Rd6 27. Rc1
h6 28. Nd3 Kg8 29. Ne5 Nd5 30. Bc5 Rd8 31. Rg3 Bb7 32. Re1 Kh7 33. Nf7 Rd7 34.
Nd6 Nf4 35. Rg4 g5 36. h4 Bd5 37. hxg5 hxg5 38. Re5 Rg8 39. Rexg5 Rxg5 40. Rxg5
Rg7 41. Rxg7+ Kxg7 42. f3 Kg6 43. Ne4 Bxe4 44. fxe4 Nd3 45. Kf1 Nxb2 46. Ke2
Nc4 47. Be7 Kh5 48. Kf3 Ne5+ 49. Kg3 Nc6 50. Bd6 a5 51. bxa5 Nxa5 52. Kf4 Nc6
53. g4+ Kg6 54. Ba3 b4 55. Bb2 Na5 56. Bc1 Nc4 57. e5 b3 58. Ke4 b2 59. Bxb2
Nxb2 0-1

[Event "6. Open Veteranos de Calviá"]
[Site "Calviá ESP"]
[Date "2006.10.27"]
[Round "8.4"]
[White "Garcia Martinez, Silvino"]
[Black "Coll, Enriques Lluis"]
[Result "1/2-1/2"]
[WhiteElo "2316"]
[BlackElo "2194"]
[PlyCount "105"]
[EventDate "2006.10.20"]
[EventType "swiss"]
[EventRounds "9"]
[EventCountry "ESP"]
[Source "lmi"]
[SourceDate "2006.10.20"]

1. e4 e5 2. Nf3 d6 3. d4 Nd7 4. Bc4 c6 5. O-O Be7 6. a4 Ngf6 7. Nc3 O-O 8. h3
Qc7 9. Re1 h6 10. a5 Re8 11. d5 Nf8 12. Be3 Bd7 13. Nd2 Ng6 14. a6 Reb8 15.
axb7 Qxb7 16. b3 Bd8 17. Ba6 Qc7 18. Nc4 c5 19. Bd2 Be8 20. Kh2 Qe7 21. g3 Bd7
22. Ne3 Nh7 23. Rf1 Ng5 24. Nf5 Qf6 25. Qg4 Kf8 26. h4 Nh7 27. Qh5 Rb4 28. Bc4
Ne7 29. g4 Nxf5 30. exf5 e4 31. Ne2 Rb6 32. Ng3 Qxh4+ 33. Qxh4 Bxh4 34. Nxe4
Bf6 35. Nxf6 Nxf6 36. f3 Bb5 37. Bxb5 Rxb5 38. Ra6 Rb6 39. Rfa1 Re8 40. Bf4
Re2+ 41. Kg3 Rxc2 42. Bxd6+ Ke8 43. Be5 Nxd5 44. Bxg7 Rxb3 45. Rxa7 Rd2 46.
R1a3 Rb1 47. Ra1 Rb3 48. R1a3 Rb1 49. Ra1 Rb3 50. Bxh6 Rdd3 51. Rf1 c4 52. g5
Rd2 53. g6 1/2-1/2

[Event "6. Open Veteranos de Calviá"]
[Site "Calviá ESP"]
[Date "2006.10.27"]
[Round "8.5"]
[White "Leskovar, Mario"]
[Black "Perez Pascual, Arturo"]
[Result "1-0"]
[WhiteElo "2373"]
[BlackElo "2015"]
[PlyCount "85"]
[EventDate "2006.10.20"]
[EventType "swiss"]
[EventRounds "9"]
[EventCountry "ESP"]
[Source "lmi"]
[SourceDate "2006.10.20"]

1. b3 e5 2. Bb2 Nc6 3. c4 g6 4. Nc3 Bg7 5. g3 Nge7 6. Bg2 d6 7. d3 Be6 8. Nd5
a5 9. a3 O-O 10. e3 f5 11. Qd2 Bf7 12. Ne2 Nxd5 13. cxd5 Ne7 14. e4 Be8 15. f4
c6 16. O-O cxd5 17. exd5 Qb6+ 18. Kh1 Rc8 19. Bc3 Ra8 20. Qb2 Qb5 21. a4 Qc5
22. fxe5 dxe5 23. Bxe5 Bxe5 24. Qxe5 Rd8 25. Nf4 Qd6 26. Rfe1 Rf7 27. Rac1 Qxe5
28. Rxe5 Bd7 29. h4 Nc8 30. d6 Nxd6 31. Bd5 Bc6 32. Bxc6 bxc6 33. Rxa5 Nb7 34.
Ra6 c5 35. Re1 Rfd7 36. Re5 Kf7 37. Ree6 Re7 38. Rxe7+ Kxe7 39. Ra7 Rd7 40. Kg2
Kd6 41. Ra6+ Ke5 42. Ra7 Rf7 43. a5 1-0